• 首页
  • 本馆介绍
  • 公告通知
  • 最新文献
  • 馆藏检索
  • 电子资源
  • 读者导购
  • 参考咨询
  • 我的图书馆
  • 登录
  • 详细信息显示
  • 放入我的书架
  • 预约/预借图书
  • 作者相关作品
  • 分类相关作品
  • 丛书相关作品
  • 出版社相关作品

书目信息

  • 表格格式
  • 工作单格式
  • 卡片格式
题名:
农用水泵
    
 
作者: 冯汉民 , 倪元成 编
分册:  
出版信息: 北京   中国工业出版社  1964
页数: 146页
开本: 19cm
丛书名:
单 册:
中图分类: S277.9-43
科图分类:
主题词: 水泵--技术培训--教材 , 农田水利
电子资源:
ISBN:
000 00710nam0 2200265 45 981
001 0631982897
005 20060816085338.71
010    @dCNY0.44
091    @aK15165.3089(水电-423)
100    @a19960516d1964 mk y0chiy0121 ea
101 0  @achi
102    @aCN@b110000
105    @afa j 000yy
106    @ar
200 10 @a农用水泵@Anong yong shui beng@f冯汉民,倪元成编
210    @a北京@c中国工业出版社@d1964
215    @a146页@c图,表@d19cm
300    @a农村机电工人培训教材
606    @a水泵@x技术培训@x教材
606 0  @a农田水利
690    @aS277.9-43@v3
701  0 @a冯汉民@4编@Afeng han min
701  0 @a倪元成@4编@Ani yuan cheng
801 0  @c20060816
905    @a10447@dS277.9-43@e37
    
    农用水泵/冯汉民,倪元成编 .-北京:中国工业出版社,1964
    146页:图,表;19cm
    农村机电工人培训教材
    
    ISBN :CNY0.44
    
●
相关链接 在E读中查询图书 在五车中查询图书 在当当中查询图书 在豆瓣中查询图书


正题名:农用水泵     索取号:S277.9-43/37         预约/预借

序号 登录号 条形码 馆藏地/架位号 状态 备注
1 0458621   204586215   密集书库/ [索取号:S277.9-43/37] 在馆    
唐山师范学院图书馆 欢迎您!
大连网信软件有限公司© 版权所有